All countries starting with "A"- Map Quiz (official English spelling) - Statistics

General Stats
  • This quiz has been taken 160 times
  • The average score is 10 of 11
Answers on the Map
Answers color-coded by a green-red scale on the quiz's map according to % correct below.
 
Answer Stats
Answer % Correct
Australia
98%
Algeria
95%
Angola
95%
Armenia
95%
Austria
95%
Azerbaijan
93%
Argentina
92%
Albania
90%
Andorra
89%
Afghanistan
86%
Antigua and Barbuda
78%
No matching quizzes found
Score Distribution
Percent of People with Each Score
Percentile by Number Answered
Your Score History
You have not taken this quiz